000 00355 a2200157 4500
001 171321
020 _a
040 _cMagnum
100 _aBruno, Fátima Aparecida Teves Cabral
240 1 0 _a! Enterate ! - libro 1
_lESP
245 1 0 _a! Enterate ! - libro 1
362 0 _a1899
440 1 _aSaraiva
697 _aLINGUAS ESTRANGEIRAS
942 _cBK
999 _c171321
_d171321